| 000 | 00358pab a2200121 454500 | ||
|---|---|---|---|
| 008 | 180718b xxu||||| |||| 00| 0 eng d | ||
| 100 | _aJoshi Navin Chandra | ||
| 245 | _aConsolidating primary agricultural credit socialies | ||
| 362 | _a7(10), Oct 1994, p.3-5 | ||
| 650 | _aAgricultural Credit Corporations -- India | ||
| 773 | _aBanking Finance | ||
| 909 | _a27709 | ||
| 999 |
_c27709 _d27709 |
||